[Event "2.Bl-West"]
[Site "Schwaz"]
[Date "2004.03.12"]
[Round "9"]
[Board "2"]
[White "Riemelmoser, Franz"]
[Black "Panteleev, Petar"]
[Result "1-0"]
[WhiteElo "2287"]
[BlackElo "2303"]
[PlyCount "173"]

1.c4 Nf6 2.g3 g6 3.Bg2 d5 4.cxd5 Nxd5 5.Nc3 Nb6 6.h4 h6 7.d3 Bg7 8.Be3 N8d7
9.Nf3 Nf6 10.Qc2 O-O 11.h5 Nxh5 12.O-O-O Nd5 13.Bd2 Nb4 14.Qa4 c5 15.Bh3 a6
16.Kb1 b5 17.Qb3 Bb7 18.Bg2 e5 19.Nh4 Bxg2 20.Nxg2 Nc6 21.Qd5 Rc8 22.Qxd8 Rfxd8
23.Ne3 Nf6 24.g4 Nd4 25.Rhe1 Kf8 26.f3 h5 27.g5 Nh7 28.Ne4 Ne6 29.Rg1 Kg8 30.Ba5
Rd4 31.Rc1 Ra8 32.Rc2 Nhf8 33.Nxc5 Nxc5 34.Rxc5 Rd7 35.Rd5 Rxd5 36.Nxd5 Ne6
37.Bb4 Nd4 38.Rg2 Rd8 39.Nc7 Bf8 40.Nxa6 Bxb4 41.Nxb4 Kg7 42.Kc1 Kf8 43.Kd2 Rc8
44.Rg3 Ke7 45.e3 Nc6 46.Nc2 Ke6 47.Rg1 Ra8 48.a3 Kf5 49.e4+ Kf4 50.Ne3 Nd4
51.Nd5+ Kxf3 52.Rf1+ Kg4 53.Rg1+ Kh4 54.Ke3 Rc8 55.Nc3 Rb8 56.Nd5 Ne6 57.Nf6
Nxg5 58.Rh1+ Nh3 59.d4 exd4+ 60.Kxd4 Kg3 61.Kc5 h4 62.Nd7 Rd8 63.Ne5 g5 64.Nxf7
Rc8+ 65.Kd6 Kg2 66.Re1 g4 67.Nh6 g3 68.Nf5 Rh8 69.e5 Ng5 70.e6 Kf2 71.Rc1 g2
72.Rc2+ Kf3 73.Nd4+ Kg3 74.Ne2+ Kg4 75.e7 h3 76.Ng1 Nf3 77.Rf2 Re8 78.Nxh3 Nh4
79.Ng1 Nf5+ 80.Kc5 Nh4 81.Re2 Kg3 82.Kxb5 Nf3 83.Re3 Kf2 84.Rxf3+ Kxg1 85.Rf7
Kh2 86.Kc6 Rg8 87.Rf2

[Event "2.Bl-West"]
[Site "Schwaz"]
[Date "2004.03.12"]
[Round "9"]
[Board "3"]
[White "Opl, Klaus"]
[Black "Schmidlechner, Alexander"]
[Result "1-0"]
[WhiteElo "2280"]
[BlackElo "2208"]
[PlyCount "97"]

1.e4 c5 2.Nf3 Nc6 3.d4 cxd4 4.Nxd4 Nf6 5.Nc3 e5 6.Ndb5 d6 7.Bg5 a6 8.Na3 b5
9.Nd5 Be7 10.Bxf6 Bxf6 11.c3 O-O 12.Nc2 Rb8 13.Be2 Bg5 14.O-O a5 15.Qd3 Be6
16.Rfd1 Qd7 17.Qg3 Qd8 18.Bg4 Bh6 19.Rd3 Ne7 20.Nce3 Bxe3 21.Nxe3 Bc4 22.Rd2 Qc7
23.Rad1 Rb6 24.b3 Be6 25.Bxe6 fxe6 26.c4 b4 27.c5 Qxc5 28.Nc4 Rc6 29.Rxd6 Rxd6
30.Rxd6 Ng6 31.Qe3 Qc7 32.g3 a4 33.Rxe6 axb3 34.axb3 Qd7 35.Rd6 Qg4 36.h3 Qxh3
37.Qd3 Qc8 38.Qd5+ Kh8 39.Nxe5 Nxe5 40.Qxe5 Qc1+ 41.Kg2 Qc2 42.Qf4 Kg8 43.Qe3
Re8 44.Rd4 Rb8 45.Qd3 Qc3 46.Qc4+ Kf8 47.Qd5 Qc7 48.Qf5+ Kg8 49.Rd7

[Event "2.Bl-West"]
[Site "Schwaz"]
[Date "2004.03.12"]
[Round "9"]
[Board "4"]
[White "Eisenbeiser, Amadeus"]
[Black "Peterwagner, Heinz"]
[Result "1/2-1/2"]
[WhiteElo "2223"]
[BlackElo "2222"]
[PlyCount "141"]

1.e4 c5 2.Nf3 Nc6 3.d4 cxd4 4.Nxd4 Nf6 5.Nc3 e5 6.Ndb5 d6 7.Na3 Be6 8.Bg5 Be7
9.Nc4 Nd4 10.Bxf6 gxf6 11.Ne3 f5 12.exf5 Nxf5 13.Bb5+ Kf8 14.Nxf5 Bxf5 15.Qf3
Qc8 16.O-O Rg8 17.Kh1 Rg4 18.Bd3 Bg6 19.Qh3 Kg7 20.Nd5 Bg5 21.Bxg6 hxg6 22.Rad1
Rc4 23.Qb3 Rxc2 24.Nc3 Rd2 25.Ne4 Rxd1 26.Rxd1 Be7 27.Nxd6 Bxd6 28.Rxd6 Qc1+
29.Rd1 Rc8 30.h3 Qc2 31.Qf3 Qxb2 32.Rd7 Qxa2 33.Rxb7 a5 34.Kh2 Rc2 35.Qb3 Qxb3
36.Rxb3 Rxf2 37.Ra3 e4 38.Rxa5 f5 39.Kg3 Rd2 40.h4 Kf6 41.Rb5 Rd1 42.Rb6+ Kg7
43.Rb7+ Kh6 44.Kf2 Rd3 45.Rf7 Kh5 46.Rf6 Kxh4 47.Rxg6 f4 48.Rg8 Rd2+ 49.Kf1 e3
50.Ke1 Rd5 51.Kf1 Rg5 52.Rh8+ Kg3 53.Re8 Kg4 54.Ke2 Rg7 55.Rf8 Kg3 56.Kf1 Rg6
57.Re8 Ra6 58.Rg8+ Kh4 59.Ke2 Ra2+ 60.Ke1 Kh5 61.Rg7 Ra6 62.Ke2 Ra2+ 63.Ke1 Ra5
64.Kf1 Re5 65.Rg8 Rg5 66.Rf8 Kg4 67.Re8 Kg3 68.Rf8 Kg4 69.Re8 Rg6 70.Rf8 Kg5
71.Ke2

[Event "2.Bl-West"]
[Site "Schwaz"]
[Date "2004.03.12"]
[Round "9"]
[Board "5"]
[White "Enigl, Karl"]
[Black "Kranz, Armin"]
[Result "1-0"]
[WhiteElo "2150"]
[BlackElo "2146"]
[PlyCount "141"]

1.c4 Nf6 2.Nc3 e6 3.e4 c5 4.e5 Ng8 5.Nf3 Nc6 6.d4 cxd4 7.Nxd4 Nxe5 8.Ndb5 Bb4
9.Bf4 f6 10.Bxe5 fxe5 11.Qh5+ Kf8 12.Qxe5 d6 13.Qg3 a6 14.Nd4 Nf6 15.Be2 g6
16.O-O Kg7 17.Rad1 Qc7 18.Nc2 Bxc3 19.Qxc3 e5 20.Ne3 Be6 21.Bf3 Rac8 22.Qb4 e4
23.Be2 Rhd8 24.Rd2 Rd7 25.Rfd1 Rcd8 26.h3 Qc5 27.Qxc5 dxc5 28.Rxd7+ Rxd7
29.Rxd7+ Bxd7 30.Nd1 Kf7 31.f4 Bc6 32.Kf2 b5 33.Ke3 Ne8 34.cxb5 axb5 35.Nc3 Nd6
36.g4 b4 37.Nd1 Bd5 38.a3 bxa3 39.bxa3 Bc4 40.Nc3 Bxe2 41.Kxe2 h5 42.a4 hxg4
43.hxg4 Nb7 44.Ke3 Ke6 45.Kxe4 Na5 46.Nd1 Nc4 47.Ne3 Na5 48.Kd3 Kf6 49.Nc4 Nc6
50.Ke4 Ke6 51.a5 Nb4 52.Ne5 Kd6 53.Nxg6 c4 54.Kd4 Nc6+ 55.Kxc4 Nxa5+ 56.Kd4 Ke6
57.Nh4 Nb3+ 58.Ke3 Nc5 59.g5 Kd5 60.Kf3 Ke6 61.Kg4 Ne4 62.f5+ Kf7 63.Nf3 Kg7
64.Ne5 Nf2+ 65.Kg3 Ne4+ 66.Kf4 Nd6 67.f6+ Kh7 68.Kg4 Ne4 69.g6+ Kh6 70.Kf5 Nc5
71.Nf7+

[Event "2.Bl-West"]
[Site "Schwaz"]
[Date "2004.03.12"]
[Round "9"]
[Board "6"]
[White "Wallis, Anton"]
[Black "Mroz, Thomas"]
[Result "1/2-1/2"]
[WhiteElo "2136"]
[BlackElo "2096"]
[PlyCount "74"]

1.e4 Nf6 2.e5 Nd5 3.d4 d6 4.Nf3 dxe5 5.Nxe5 c6 6.Bd3 g6 7.c3 Bg7 8.O-O O-O 9.Re1
Nd7 10.Nxd7 Bxd7 11.Nd2 Re8 12.Nc4 Qc7 13.Bg5 c5 14.Be4 Be6 15.Ne3 Rad8 16.Qf3
Nxe3 17.fxe3 Bc8 18.Rf1 f6 19.Bh4 Qb6 20.b3 cxd4 21.exd4 e5 22.Bf2 Qc7 23.dxe5
fxe5 24.Rad1 Rxd1 25.Rxd1 b6 26.c4 Be6 27.Bd5 Qe7 28.Kf1 Kh8 29.Bxe6 Qxe6 30.Qd5
Qf6 31.Qd6 Qf4 32.Kg1 Rf8 33.Qd2 Qf5 34.Be3 Bf6 35.Rf1 Qe6 36.Bh6 Re8 37.Qf2 Bg7

[Event "2.Bl-West"]
[Site "Schwaz"]
[Date "2004.03.12"]
[Round "9"]
[Board "1"]
[White "Salvermoser, Bernd"]
[Black "Krivoshey, Sergei"]
[Result "1/2-1/2"]
[WhiteElo "2246"]
[BlackElo "2501"]
[PlyCount "112"]

1.d4 d5 2.c4 c6 3.Nf3 Nf6 4.cxd5 cxd5 5.Nc3 Nc6 6.Bf4 a6 7.e3 Bg4 8.Bd3 e6 9.h3
Bh5 10.O-O Bd6 11.Bxd6 Qxd6 12.Rc1 O-O 13.Be2 Bxf3 14.Bxf3 Rfe8 15.Qd2 Rad8
16.Rfd1 g6 17.Na4 Re7 18.Nc5 e5 19.dxe5 Nxe5 20.Be2 Rc7 21.Nb3 Ne4 22.Qe1 Rdc8
23.Nd4 Qb6 24.Rxc7 Rxc7 25.Rc1 Nc4 26.b3 Ne5 27.f3 Nd6 28.Rxc7 Qxc7 29.Qd2 Nc6
30.Nc2 Ne7 31.Nd4 Ndf5 32.Nxf5 Nxf5 33.Bd3 Ne7 34.f4 a5 35.a3 b6 36.Qc2 Qd6
37.Qb2 f6 38.b4 Kf7 39.bxa5 bxa5 40.a4 Qc5 41.Kf2 Ke6 42.g4 Nc6 43.Bb5 h6 44.h4
g5 45.Bxc6 Qxc6 46.hxg5 hxg5 47.fxg5 fxg5 48.Qg7 Qxa4 49.Qg6+ Kd7 50.Qxg5 Qc2+
51.Kg3 Qe4 52.Qg7+ Kc6 53.Qf6+ Kb5 54.Qb2+ Qb4 55.Qe5 Qe1+ 56.Kf4 Qf2+

[Event "2.Bl-West"]
[Site "Schwaz"]
[Date "2004.03.12"]
[Round "9"]
[Board "2"]
[White "Klundt, Klaus"]
[Black "Herbrechtsmeier, Christof"]
[Result "1/2-1/2"]
[WhiteElo "2365"]
[BlackElo "2292"]
[PlyCount "47"]

1.e4 b6 2.d4 Bb7 3.Bd3 e6 4.Nf3 c5 5.O-O cxd4 6.Nxd4 Nc6 7.Nxc6 Bxc6 8.Nc3 Qh4
9.Qe2 Nf6 10.f3 Bc5+ 11.Be3 Qg5 12.f4 Qh5 13.Bxc5 Qxe2 14.Bxe2 bxc5 15.Bf3 Rb8
16.b3 Rb4 17.e5 Bxf3 18.Rxf3 Ne4 19.Rd1 Ke7 20.f5 Nxc3 21.f6+ gxf6 22.exf6+ Kd8
23.Rxc3 Rd4 24.Rxd4

[Event "2.Bl-West"]
[Site "Schwaz"]
[Date "2004.03.12"]
[Round "9"]
[Board "4"]
[White "Hager, Franz"]
[Black "Duer, Werner"]
[Result "1/2-1/2"]
[WhiteElo "2237"]
[BlackElo "2271"]
[PlyCount "63"]

1.d4 d5 2.c4 c6 3.Nf3 Nf6 4.Nc3 a6 5.a4 e6 6.Bg5 Nbd7 7.cxd5 exd5 8.Qc2 Be7 9.e3
O-O 10.Bd3 Re8 11.O-O a5 12.h3 Nf8 13.Ne5 g6 14.Rad1 Ne6 15.Bh4 Ng7 16.Qb3 Nd7
17.Bg3 Qb6 18.Qa2 Nf6 19.f4 Nf5 20.Bf2 Nd6 21.g4 Be6 22.f5 gxf5 23.gxf5 Bxf5
24.Bxf5 Nxf5 25.e4 Nd6 26.exd5 Kh8 27.dxc6 Rg8+ 28.Kh1 Rg7 29.Bh4 Rag8 30.Bxf6
Bxf6 31.Nd5 Rg3 32.Nf4

[Event "2.Bl-West"]
[Site "Schwaz"]
[Date "2004.03.12"]
[Round "9"]
[Board "5"]
[White "Lawitsch, Guenther"]
[Black "Lickleder, Andreas"]
[Result "0-1"]
[WhiteElo "2270"]
[BlackElo "2227"]
[PlyCount "116"]

1.c4 c5 2.Nc3 Nf6 3.e4 d6 4.g3 b6 5.Bg2 Bb7 6.Nge2 e6 7.O-O a6 8.d3 Nc6 9.f4 Qc7
10.f5 e5 11.h3 Nd4 12.g4 h6 13.Ng3 Be7 14.Be3 Bc6 15.Rc1 Qb7 16.b3 b5 17.Nd5
Bxd5 18.exd5 Qb6 19.Qd2 Rb8 20.Bf3 Nd7 21.Nh5 Kf8 22.Kg2 Bh4 23.Ng3 Nf6 24.Bd1
Re8 25.Ne2 Nd7 26.Ng1 Qd8 27.Nf3 Nxf3 28.Bxf3 Bg5 29.h4 Bxe3 30.Qxe3 Qxh4 31.Rh1
Qf6 32.Be4 Ke7 33.Rh5 Rhg8 34.Kg3 b4 35.Rg1 Nf8 36.a3 a5 37.axb4 axb4 38.Ra1 Nd7
39.Rh2 Ra8 40.Rha2 Rxa2 41.Rxa2 g6 42.Rf2 g5 43.Ra2 Qh8 44.Qc1 Ra8 45.Rh2 Kf6
46.Qf1 Ra7 47.Rf2 Ra3 48.Rb2 Kg7 49.Bf3 Nf6 50.Qh3 Qe8 51.Be4 Qa8 52.Kf3 Ra2
53.Qg2 Ra1 54.Kg3 Qa3 55.Bf3 Re1 56.Qd2 Rg1+ 57.Bg2 Qa1 58.Qf2 Rb1

[Event "2.Bl-West"]
[Site "Schwaz"]
[Date "2004.03.13"]
[Round "10"]
[Board "1"]
[White "Volke, Karsten"]
[Black "Krivoshey, Sergei"]
[Result "0-1"]
[WhiteElo "2467"]
[BlackElo "2501"]
[PlyCount "38"]

1.c4 c6 2.e4 d5 3.exd5 Nf6 4.d4 cxd5 5.Nc3 g6 6.cxd5 Bg7 7.Bb5+ Nbd7 8.d6 O-O
9.Nf3 exd6 10.O-O a6 11.Bd3 b5 12.Bf4 Nb6 13.a4 bxa4 14.Nxa4 Nbd5 15.Bg3 Nb4
16.Bc4 Bb7 17.Nc3 a5 18.Rc1 Nh5 19.Bh4 Bxf3

[Event "2.Bl-West"]
[Site "Schwaz"]
[Date "2004.03.13"]
[Round "10"]
[Board "2"]
[White "Klundt, Klaus"]
[Black "Poettinger, Harald"]
[Result "1/2-1/2"]
[WhiteElo "2365"]
[BlackElo "2238"]
[PlyCount "53"]

1.e4 d6 2.d4 Nf6 3.Nc3 e5 4.Nf3 exd4 5.Qxd4 Nc6 6.Bb5 Bd7 7.Bxc6 Bxc6 8.Bg5 Be7
9.O-O-O O-O 10.Rhe1 h6 11.Bd2 Ng4 12.Re2 Bf6 13.Qc4 Re8 14.Nd5 Qd7 15.Nd4 Bxd5
16.Qxd5 g6 17.Nf3 Bg7 18.Rde1 Qa4 19.Qb3 Qxb3 20.axb3 Re7 21.h3 Nf6 22.e5 dxe5
23.Rxe5 Rxe5 24.Rxe5 Rd8 25.c4 c6 26.Kc2 Re8 27.Rxe8+

[Event "2.Bl-West"]
[Site "Schwaz"]
[Date "2004.03.13"]
[Round "10"]
[Board "4"]
[White "Hager, Franz"]
[Black "Gattenloehner, Sebastian"]
[Result "1/2-1/2"]
[WhiteElo "2237"]
[BlackElo "2218"]
[PlyCount "91"]

1.d4 d5 2.c4 c6 3.Nf3 Nf6 4.Qc2 e6 5.g3 Be7 6.Bg2 O-O 7.O-O Nbd7 8.Nbd2 Re8 9.b3
b6 10.e4 dxe4 11.Nxe4 Bb7 12.Ne5 Qc8 13.Ng5 c5 14.Nxd7 Qxd7 15.dxc5 Bxg2 16.Kxg2
Qc6+ 17.f3 h6 18.Ne4 Nxe4 19.Qxe4 Qxe4 20.fxe4 Bxc5 21.Rd1 Red8 22.Bb2 Be7
23.Kf3 Kf8 24.g4 g6 25.e5 Rxd1 26.Rxd1 Ke8 27.Ke4 Rd8 28.Rxd8+ Kxd8 29.Bc3 a6
30.b4 b5 31.Kd3 Kd7 32.Bd2 Bf8 33.a3 Kc6 34.Kd4 Bg7 35.Bf4 h5 36.gxh5 gxh5 37.c5
f6 38.exf6 Bxf6+ 39.Be5 Bg5 40.Kc3 Kd5 41.Bg7 Bf4 42.h3 e5 43.Bf8 e4 44.Kc2 Be5
45.Bh6 Bd4 46.Bc1

[Event "2.Bl-West"]
[Site "Schwaz"]
[Date "2004.03.13"]
[Round "10"]
[Board "5"]
[White "Heilinger, Dietmar"]
[Black "Lickleder, Andreas"]
[Result "1/2-1/2"]
[WhiteElo "2179"]
[BlackElo "2227"]
[PlyCount "24"]

1.c4 c5 2.Nf3 e6 3.g3 b6 4.Bg2 Bb7 5.Nc3 d6 6.O-O a6 7.d4 cxd4 8.Qxd4 Nf6 9.e4
Nbd7 10.Rd1 Qc7 11.b3 Be7 12.Ba3 Nc5

[Event "2.Bl-West"]
[Site "Schwaz"]
[Date "2004.03.13"]
[Round "10"]
[Board "1"]
[White "Dobosz, Henryk"]
[Black "Wegerle, Joerg"]
[Result "1/2-1/2"]
[WhiteElo "2457"]
[BlackElo "2382"]
[PlyCount "103"]

1.Nf3 c5 2.e3 Nf6 3.d4 e6 4.Bd3 b6 5.O-O Bb7 6.c4 Be7 7.Nc3 d5 8.cxd5 exd5
9.Bb5+ Kf8 10.dxc5 bxc5 11.b3 Qa5 12.Bb2 Nc6 13.Qe2 Rd8 14.Rfd1 h5 15.Rac1 a6
16.Bd3 h4 17.h3 Nb4 18.Bb1 Rh5 19.Na4 c4 20.Bd4 Rc8 21.Ne5 Rg5 22.f3 Nc6 23.Bc3
Qb5 24.Nxc6 Rxc6 25.Bd4 cxb3 26.Qxb5 axb5 27.Nc5 bxa2 28.Bxa2 Bxc5 29.Bxc5+ Ke8
30.Bd4 Rxc1 31.Rxc1 Kd7 32.Bb1 Bc6 33.Bd3 Ne8 34.Ra1 Nd6 35.Ra7+ Kc8 36.Bc5 Nb7
37.Bd4 Nd6 38.Bb6 Nb7 39.Ra8+ Kd7 40.Rh8 d4 41.e4 Nc5 42.Rd8+ Ke7 43.Rxd4 Ne6
44.Rb4 Re5 45.Rb2 g5 46.Kf2 Nc5 47.Ke3 Na4 48.Rc2 Nxb6 49.Rxc6 Nd7 50.Kd4 f6
51.Ra6 Re6 52.Rxe6+

[Event "2.Bl-West"]
[Site "Schwaz"]
[Date "2004.03.13"]
[Round "10"]
[Board "2"]
[White "Salvermoser, Bernd"]
[Black "Riemelmoser, Franz"]
[Result "0-1"]
[WhiteElo "2246"]
[BlackElo "2287"]
[PlyCount "72"]

1.d4 e6 2.c4 d5 3.Nc3 c6 4.Nf3 dxc4 5.e4 b5 6.a4 Bb4 7.Be2 Nf6 8.Qc2 O-O 9.e5
Nd5 10.Ng5 f5 11.exf6 Nxf6 12.Be3 Qe7 13.Bf3 e5 14.O-O h6 15.Nge4 Bf5 16.Rfe1
Nbd7 17.axb5 cxb5 18.Nxf6+ Qxf6 19.Bd5+ Kh8 20.Qd1 Rad8 21.Rxa7 Bd3 22.Qg4 Nb6
23.dxe5 Qxe5 24.f4 Qf6 25.Ra6 Rd6 26.Bf3 Re8 27.Nxb5 Rxe3 28.Rxe3 Bc5 29.Kf2
Qxb2+ 30.Kg3 Qxb5 31.Ra8+ Nxa8 32.Qc8+ Kh7 33.Re8 Rg6+ 34.Kh4 Be7+ 35.Rxe7 Qb2
36.Bxa8 Qf6+

[Event "2.Bl-West"]
[Site "Schwaz"]
[Date "2004.03.13"]
[Round "10"]
[Board "3"]
[White "Schmidlechner, Alexander"]
[Black "Herbrechtsmeier, Christof"]
[Result "1/2-1/2"]
[WhiteElo "2208"]
[BlackElo "2292"]
[PlyCount "26"]

1.d4 Nf6 2.c4 g6 3.Nc3 d5 4.cxd5 Nxd5 5.e4 Nxc3 6.bxc3 Bg7 7.Bc4 Qd7 8.Ne2 b6
9.O-O Ba6 10.Qd3 Qa4 11.Bxa6 Nxa6 12.Be3 O-O 13.Rab1 c5

[Event "2.Bl-West"]
[Site "Schwaz"]
[Date "2004.03.13"]
[Round "10"]
[Board "4"]
[White "Kratochwil, Christian"]
[Black "Eisenbeiser, Amadeus"]
[Result "1-0"]
[WhiteElo "2277"]
[BlackElo "2223"]
[PlyCount "79"]

1.Nf3 g6 2.d4 Bg7 3.c4 Nf6 4.Nc3 O-O 5.e4 d6 6.Be2 c5 7.O-O cxd4 8.Nxd4 Nc6
9.Be3 Bd7 10.Qd2 Nxd4 11.Bxd4 Bc6 12.f3 Nd7 13.Be3 a5 14.b3 Nc5 15.Rab1 Qb6
16.Rfc1 Qb4 17.Rc2 Bxc3 18.Rxc3 Na4 19.Rc2 Qxd2 20.Bxd2 Nc5 21.Be3 Nxe4 22.fxe4
Bxe4 23.Rbc1 Bxc2 24.Rxc2 Rfd8 25.Bf3 Rd7 26.g4 Kf8 27.Rd2 e6 28.g5 Ke7 29.Rd4
Rc8 30.Rh4 a4 31.bxa4 Rdc7 32.a5 d5 33.cxd5 Rc3 34.Kf2 Rc2+ 35.Kg3 Rxa2 36.Rb4
Rxa5 37.Rxb7+ Kd6 38.Bf4+ e5 39.Bd2 Rxd5 40.Bb4+

[Event "2.Bl-West"]
[Site "Schwaz"]
[Date "2004.03.13"]
[Round "10"]
[Board "5"]
[White "Kranz, Armin"]
[Black "Duer, Werner"]
[Result "1/2-1/2"]
[WhiteElo "2146"]
[BlackElo "2271"]
[PlyCount "51"]

1.d4 d5 2.Nf3 e6 3.c4 c6 4.e3 Nf6 5.Nc3 Nbd7 6.Qc2 Bd6 7.Bd3 O-O 8.O-O dxc4
9.Bxc4 b5 10.Bd3 Bb7 11.Bd2 a6 12.Ne4 Nxe4 13.Bxe4 f5 14.Bd3 c5 15.dxc5 Nxc5
16.Be2 Rc8 17.Qd1 Ne4 18.Rc1 Nxd2 19.Nxd2 Rxc1 20.Qxc1 Rf6 21.Rd1 Bxh2+ 22.Kxh2
Rh6+ 23.Kg1 Qh4 24.f3 Qh2+ 25.Kf2 Qh4+ 26.Kg1

[Event "2.Bl-West"]
[Site "Schwaz"]
[Date "2004.03.13"]
[Round "10"]
[Board "6"]
[White "Lawitsch, Guenther"]
[Black "Wallis, Anton"]
[Result "1/2-1/2"]
[WhiteElo "2270"]
[BlackElo "2136"]
[PlyCount "99"]

1.c4 e5 2.Nc3 Nf6 3.g3 d5 4.cxd5 Nxd5 5.Bg2 Nb6 6.d3 Be7 7.Nf3 Nc6 8.O-O O-O
9.Be3 Be6 10.Ne4 Nd5 11.Bc5 f6 12.Rc1 Rb8 13.a3 b6 14.Bxe7 Ndxe7 15.b4 a5 16.b5
Na7 17.a4 c5 18.bxc6 Naxc6 19.Nc3 Rc8 20.Nb5 Nb4 21.d4 e4 22.Ne1 f5 23.g4 Qd7
24.gxf5 Bxf5 25.Nc2 Ned5 26.Nxb4 axb4 27.Qb3 Kh8 28.Qg3 Rce8 29.Qd6 Rf6 30.Qxd7
Bxd7 31.Kh1 Rg6 32.e3 Bxb5 33.axb5 Nc3 34.Rc2 Rg5 35.Rb2 Rxb5 36.Rc1 Ra5 37.Re1
Ra4 38.f3 g5 39.fxe4 Nxe4 40.Rc1 Nc3 41.Bc6 Ra2 42.Rxb4 Rxe3 43.Rb3 Nd1 44.Rxe3
Nxe3 45.Re1 Ng4 46.Bg2 Rd2 47.d5 Nf6 48.Rb1 Nxd5 49.Bxd5 Rxd5 50.Rxb6

[Event "2.Bl-West"]
[Site "Schwaz"]
[Date "2004.03.13"]
[Round "10"]
[Board "1"]
[White "Reich, Thomas"]
[Black "Schmidt, Georg"]
[Result "0-1"]
[WhiteElo "2408"]
[BlackElo "2376"]
[PlyCount "70"]

1.d4 e6 2.Nf3 Nf6 3.c4 b6 4.g3 Ba6 5.Qa4 Bb7 6.Bg2 c5 7.O-O Be7 8.Nc3 O-O 9.Rd1
a6 10.dxc5 bxc5 11.Bf4 Qb6 12.Rab1 d5 13.cxd5 exd5 14.e3 h6 15.Nh4 Rd8 16.Nf5
Bf8 17.a3 Qe6 18.Qc2 Nc6 19.b4 d4 20.bxc5 dxc3 21.Nd6 Bxd6 22.Bxd6 Qc8 23.Qxc3
Ra7 24.e4 Ba8 25.e5 Ne8 26.Rb6 Ne7 27.c6 Nxc6 28.Rc1 Nxd6 29.exd6 Rxd6 30.Qc5
Qd8 31.Rxc6 Rxc6 32.Bxc6 Rc7 33.Qb6 Qc8 34.Rd1 Bxc6 35.Rc1 Qd7

[Event "2.Bl-West"]
[Site "Schwaz"]
[Date "2004.03.13"]
[Round "10"]
[Board "2"]
[White "Kunze, Holger"]
[Black "Micheli, Carlo"]
[Result "0-1"]
[WhiteElo "2265"]
[BlackElo "2360"]
[PlyCount "36"]

1.c4 g6 2.Nc3 Bg7 3.g3 e5 4.Bg2 d6 5.d3 f5 6.e4 Nf6 7.Nge2 O-O 8.exf5 gxf5 9.O-O
Na6 10.d4 Qe8 11.Nb5 Qg6 12.Be3 Ng4 13.Bc1 c6 14.h3 Nh6 15.Nbc3 f4 16.dxe5 dxe5
17.Be4 Qh5 18.Qd3 f3

[Event "2.Bl-West"]
[Site "Schwaz"]
[Date "2004.03.13"]
[Round "10"]
[Board "3"]
[White "Unzicker, Ferdinand"]
[Black "Panteleev, Petar"]
[Result "1/2-1/2"]
[WhiteElo "2290"]
[BlackElo "2303"]
[PlyCount "35"]

1.c4 Nf6 2.Nf3 g6 3.Nc3 c5 4.g3 Bg7 5.Bg2 Nc6 6.O-O d6 7.a3 O-O 8.Rb1 Nd4 9.b4
Nd7 10.Ne4 Nxf3+ 11.exf3 cxb4 12.axb4 d5 13.cxd5 Nb6 14.d6 exd6 15.d3 d5 16.Nc5
d4 17.f4 Nd5 18.Ra1

[Event "2.Bl-West"]
[Site "Schwaz"]
[Date "2004.03.13"]
[Round "10"]
[Board "4"]
[White "Opl, Klaus"]
[Black "Hoellrigl, Wilfried"]
[Result "1-0"]
[WhiteElo "2280"]
[BlackElo "2200"]
[PlyCount "71"]

1.d4 Nf6 2.c4 g6 3.Nc3 d5 4.cxd5 Nxd5 5.e4 Nxc3 6.bxc3 Bg7 7.Bc4 O-O 8.Ne2 c5
9.O-O Nc6 10.Be3 Bg4 11.f3 Na5 12.Bd3 cxd4 13.cxd4 Be6 14.Qa4 a6 15.d5 Bxa1
16.Rxa1 f6 17.Bd2 b6 18.Rb1 Nb7 19.Qb4 Nc5 20.Bc4 b5 21.Qxc5 Rc8 22.Qe3 Rxc4
23.dxe6 Rc2 24.Be1 Rxa2 25.Nc3 Rc2 26.Nd5 Qd6 27.Bb4 Qxe6 28.Nxe7+ Kg7 29.Nd5
Rf7 30.Bd2 Rd7 31.Qh6+ Kg8 32.Bb4 Qf7 33.Rc1 Rxc1+ 34.Qxc1 a5 35.Qc8+ Kg7
36.Bf8+

[Event "2.Bl-West"]
[Site "Schwaz"]
[Date "2004.03.13"]
[Round "10"]
[Board "5"]
[White "Lederwasch, Bernhard"]
[Black "Peterwagner, Heinz"]
[Result "1/2-1/2"]
[WhiteElo "2193"]
[BlackElo "2222"]
[PlyCount "98"]

1.c4 c5 2.Nc3 Nc6 3.g3 g6 4.Bg2 Bg7 5.d3 d6 6.e4 e5 7.Nge2 Nge7 8.Be3 Nd4 9.O-O
O-O 10.f4 f5 11.exf5 Nexf5 12.Bf2 Rb8 13.Rb1 a6 14.a4 Bd7 15.Nxd4 cxd4 16.Nd5 b5
17.axb5 axb5 18.b3 exf4 19.gxf4 Kh8 20.Be4 Be6 21.Qd2 Bxd5 22.cxd5 Qb6 23.Kh1
Rbc8 24.Rfc1 Ne3 25.Rxc8 Rxc8 26.Rc1 Rf8 27.Re1 Rxf4 28.Bxe3 dxe3 29.Qxe3 Rf1+
30.Kg2 Qxe3 31.Rxe3 Rb1 32.Bf3 Be5 33.Rxe5 dxe5 34.d6 Rxb3 35.d4 Rd3 36.dxe5 Kg7
37.Be2 Rd5 38.Bf3 Rd4 39.Kf2 Kf7 40.Ke3 Ra4 41.Bd5+ Kf8 42.Bc6 Ra6 43.Bd7 b4
44.Kd3 Rb6 45.Kc2 g5 46.Ba4 h5 47.Kb3 Kf7 48.Bd7 Kf8 49.Ba4 Kf7

[Event "2.Bl-West"]
[Site "Schwaz"]
[Date "2004.03.13"]
[Round "10"]
[Board "1"]
[White "Westermeier, Arnulf"]
[Black "Lanka, Zigurds"]
[Result "1/2-1/2"]
[WhiteElo "2297"]
[BlackElo "2467"]
[PlyCount "37"]

1.e4 c5 2.Nf3 Nc6 3.d4 cxd4 4.Nxd4 Nf6 5.Nc3 d6 6.Bg5 e6 7.Qd2 a6 8.O-O-O h6
9.Be3 Bd7 10.f4 Be7 11.Kb1 b5 12.Bd3 Nxd4 13.Bxd4 Bc6 14.Qe3 O-O 15.Rhf1 Qb8
16.e5 dxe5 17.fxe5 Nd5 18.Nxd5 Bxd5 19.Qg3

[Event "2.Bl-West"]
[Site "Schwaz"]
[Date "2004.03.13"]
[Round "10"]
[Board "2"]
[White "Maiwald, Jens-Uwe"]
[Black "Juergens, Klaus"]
[Result "1-0"]
[WhiteElo "2543"]
[BlackElo "2162"]
[PlyCount "79"]

1.e4 c5 2.Nc3 Nc6 3.Bb5 Na5 4.f4 a6 5.Be2 b5 6.d3 e6 7.Nh3 d5 8.Bf3 b4 9.Ne2
dxe4 10.Bxe4 Rb8 11.O-O Nf6 12.Ng3 Nxe4 13.dxe4 Qxd1 14.Rxd1 Be7 15.b3 Nc6
16.Be3 O-O 17.Nf2 a5 18.e5 Ba6 19.Nge4 c4 20.Nc5 Bxc5 21.Bxc5 Rfd8 22.Bd6 Rbc8
23.Ne4 cxb3 24.axb3 Bb7 25.Nc5 Ba8 26.Rd3 Re8 27.Rd2 f6 28.Kf1 fxe5 29.fxe5 Nxe5
30.Rxa5 Ng4 31.h3 Ne3+ 32.Kf2 Nd5 33.Be5 Rf8+ 34.Kg1 Rf5 35.Re2 Kf7 36.Ne4 Rxe5
37.Nd6+ Kf6 38.Rf2+ Kg6 39.Nxc8 Bc6 40.Ne7+

[Event "2.Bl-West"]
[Site "Schwaz"]
[Date "2004.03.13"]
[Round "10"]
[Board "3"]
[White "Teufl, Siegfried"]
[Black "Gross, David"]
[Result "0-1"]
[WhiteElo "2192"]
[BlackElo "2458"]
[PlyCount "74"]

1.e4 c5 2.c3 d5 3.exd5 Qxd5 4.d4 Nf6 5.Nf3 Bg4 6.Be2 e6 7.Na3 a6 8.Nc2 cxd4
9.Qxd4 Qxd4 10.Ncxd4 Nbd7 11.h3 Bh5 12.Bf4 Bc5 13.Nb3 Bb6 14.Ne5 Bxe2 15.Kxe2
Bc7 16.Nd3 e5 17.Bh2 O-O-O 18.Ndc5 Nxc5 19.Nxc5 Bb6 20.Nb3 Nd5 21.Rhd1 g5 22.c4
Nb4 23.a3 Nc2 24.Rac1 Nd4+ 25.Nxd4 Bxd4 26.Rc2 h5 27.Rcd2 f6 28.b4 Rd7 29.f4
gxf4 30.Bxf4 Rg7 31.Kf3 Bc3 32.Be3 Bxd2 33.Rxd2 Rd8 34.Rc2 f5 35.c5 Rd3 36.Kf2
f4 37.Bc1 Rdg3

[Event "2.Bl-West"]
[Site "Schwaz"]
[Date "2004.03.13"]
[Round "10"]
[Board "4"]
[White "Tabernig, Bernhard"]
[Black "Loeffler, Christoph"]
[Result "1/2-1/2"]
[WhiteElo "2368"]
[BlackElo "2147"]
[PlyCount "47"]

1.d4 Nf6 2.c4 e6 3.Nc3 d5 4.Nf3 Be7 5.g3 O-O 6.Bg2 dxc4 7.Qa4 a6 8.Qxc4 b5 9.Qb3
Bb7 10.O-O c5 11.Rd1 c4 12.Qc2 Nc6 13.Bg5 Rc8 14.e4 Nb4 15.Qe2 h6 16.Bxf6 Bxf6
17.e5 Be7 18.Ne1 Bxg2 19.Kxg2 Nd5 20.f4 b4 21.Ne4 c3 22.b3 Qb6 23.Nc2 Rfd8
24.Qf3

[Event "2.Bl-West"]
[Site "Schwaz"]
[Date "2004.03.13"]
[Round "10"]
[Board "5"]
[White "Besner, Bernhard"]
[Black "Kroell, Johannes"]
[Result "0-1"]
[WhiteElo "2167"]
[BlackElo "2192"]
[PlyCount "96"]

1.e4 e6 2.d4 b5 3.Bxb5 Bb7 4.Qe2 f5 5.Bd3 Nf6 6.Nd2 c5 7.dxc5 Bxc5 8.Ngf3 O-O
9.O-O Nc6 10.exf5 Qc7 11.Ne4 Ng4 12.Ng3 exf5 13.Bxf5 Rxf5 14.Qc4+ Kh8 15.Qxg4
Rxf3 16.Qxf3 Nd4 17.Qg4 Qc6 18.Nh5 g6 19.Bh6 Nf5 20.Bf4 Bd4 21.Be3 Bxe3 22.fxe3
gxh5 23.Qh3 Nh4 24.Rf2 Rg8 25.e4 Rg4 26.Raf1 Qc5 27.Kh1 Ng6 28.b4 Qxb4 29.Qxh5
Qxe4 30.Rf8+ Nxf8 31.Rxf8+ Rg8 32.Rxg8+ Kxg8 33.Qg5+ Kf7 34.Qh5+ Kf6 35.Qh6+ Ke7
36.Qg5+ Kd6 37.Qd2+ Bd5 38.h3 Qxg2+ 39.Qxg2 Bxg2+ 40.Kxg2 Kc5 41.Kf3 Kb4 42.Ke4
Kc3 43.Kd5 a5 44.a3 Kxc2 45.Kc4 a4 46.h4 h5 47.Kb4 d5 48.Kc5 Kb3

[Event "2.Bl-West"]
[Site "Schwaz"]
[Date "2004.03.13"]
[Round "10"]
[Board "6"]
[White "Schiestl, Josef"]
[Black "Scheiblmaier, Robert"]
[Result "0-1"]
[WhiteElo "2155"]
[BlackElo "2142"]
[PlyCount "62"]

1.e4 e6 2.d4 d5 3.e5 c5 4.c3 Nc6 5.Nf3 Qb6 6.a3 c4 7.Nbd2 f6 8.Be2 fxe5 9.Nxe5
Nxe5 10.dxe5 Bc5 11.O-O Ne7 12.b4 cxb3 13.Nxb3 O-O 14.Nxc5 Qxc5 15.Qb3 Ng6
16.Be3 Qc7 17.f4 b6 18.Rac1 Bb7 19.g3 Nxe5 20.fxe5 Qxe5 21.Bxb6 axb6 22.Qxb6
Qxe2 23.Qxb7 Qe3+ 24.Kh1 Qe4+ 25.Kg1 Qe3+ 26.Kh1 Rab8 27.Qc7 Qe4+ 28.Kg1 Qe3+
29.Kh1 h6 30.Rce1 Rxf1+ 31.Rxf1 Rb2

[Event "2.Bl-West"]
[Site "Schwaz"]
[Date "2004.03.13"]
[Round "10"]
[Board "1"]
[White "Heinzel, Olaf"]
[Black "Schmittdiel, Eckhard"]
[Result "1-0"]
[WhiteElo "2358"]
[BlackElo "2483"]
[PlyCount "75"]

1.d4 Nf6 2.Nf3 e6 3.Bf4 b6 4.e3 Bb7 5.Be2 Be7 6.h3 d6 7.a4 a5 8.O-O O-O 9.Na3
Nbd7 10.Nb5 Ne4 11.Nd2 e5 12.dxe5 dxe5 13.Bh2 Nec5 14.Nc4 f6 15.f4 exf4 16.Bxf4
Ne6 17.Bf3 Bxf3 18.Qxf3 Nxf4 19.exf4 Nc5 20.Rfe1 Na6 21.Rad1 Bc5+ 22.Kh1 Qc8
23.Nd4 Bxd4 24.Rxd4 Re8 25.Rde4 Rxe4 26.Qxe4 Kh8 27.c3 Rb8 28.Qc6 h6 29.Re7 Qf5
30.Qb5 Nc5 31.b4 axb4 32.cxb4 c6 33.Qxc6 Qb1+ 34.Kh2 Qxb4 35.Qd6 Na6 36.Qe6 Qxa4
37.Qg4 Rg8 38.Nd6